|
|
|
|
| LEADER |
01060nam a2200313 4500 |
| 001 |
on1127393358 |
| 003 |
OCoLC |
| 005 |
20200326101205.0 |
| 006 |
m o d |
| 007 |
cr cnu---unuuu |
| 008 |
191113s2019 ne o 001 0 eng d |
| 040 |
|
|
|a OPELS
|b eng
|e rda
|e pn
|c OPELS
|d OCLCF
|d GrThAP
|
| 020 |
|
|
|a 9780128171639
|q (print)
|
| 035 |
|
|
|a (OCoLC)1127393358
|
| 050 |
|
4 |
|a RM302.5
|
| 082 |
0 |
4 |
|a 615.7/042
|2 23
|
| 245 |
0 |
0 |
|a Side effects of drugs annual.
|n 41 /
|c edited by Sidhartha D. Ray.
|
| 264 |
|
1 |
|a Amsterdam, Netherlands :
|b Elsevier,
|c 2019.
|
| 300 |
|
|
|a 1 online resource.
|
| 336 |
|
|
|a text
|b txt
|2 rdacontent
|
| 337 |
|
|
|a computer
|b c
|2 rdamedia
|
| 338 |
|
|
|a online resource
|b cr
|2 rdacarrier
|
| 500 |
|
|
|a Includes indexes.
|
| 588 |
0 |
|
|a Title details screen.
|
| 650 |
|
0 |
|a Drugs
|x Side effects.
|
| 650 |
|
7 |
|a Drugs
|x Side effects.
|2 fast
|0 (OCoLC)fst00898912
|
| 655 |
|
4 |
|a Electronic books.
|
| 700 |
1 |
|
|a Ray, Sidhartha D.,
|e editor.
|
| 856 |
4 |
0 |
|3 ScienceDirect
|u https://www.sciencedirect.com/science/bookseries/03786080/41
|z Full Text via HEAL-Link
|